Big Ten Football Champions - Statistics

General Stats
  • This quiz has been taken 23 times
    17 since last reset
  • The average score is 67 of 177
Answer Stats
Season Champion % Correct
2021 Michigan
85%
2022 Michigan
85%
2023 Michigan
85%
2013 Michigan State
85%
2015 Michigan State
85%
2014 Ohio State
85%
2017 Ohio State
85%
2018 Ohio State
85%
2019 Ohio State
85%
2020 Ohio State
85%
Michigan
77%
2010 Michigan State
77%
2005 Ohio State
77%
2006 Ohio State
77%
2007 Ohio State
77%
2009 Ohio State
77%
2016 Penn State
77%
2004 Iowa
69%
1997 Michigan
69%
2000 Michigan
69%
2003 Michigan
69%
2008 Ohio State
69%
Penn State
69%
Penn State
69%
Wisconsin
69%
2011 WIsconsin
69%
2012 Wisconsin
69%
1901 Michigan
62%
1902 Michigan
62%
1903 Michigan
62%
1904 Michigan
62%
1998 Michigan
62%
Ohio State
62%
1898 Michigan
54%
1900 Minnesota
54%
Minnesota
54%
2001 Illinois
46%
Iowa
46%
2002 Iowa
46%
1969 Michigan
46%
1971 Michigan
46%
1972 Michigan
46%
1973 Michigan
46%
1974 Michigan
46%
1992 Michigan
46%
Minnesota
46%
1995 Northwestern
46%
Ohio State
46%
1970 Ohio State
46%
Ohio State
46%
Ohio State
46%
Ohio State
46%
Ohio State
46%
Purdue
46%
1896 Wisconsin
46%
1897 WIsconsin
46%
Wisconsin
46%
1899 Chicago
38%
1906 Michigan
38%
Michigan
38%
1976 Michigan
38%
1977 Michigan
38%
1978 Michigan
38%
1980 Michigan
38%
1988 Michigan
38%
1989 Michigan
38%
Michigan
38%
1991 Michigan
38%
Minnesota
38%
Northwestern
38%
1975 Ohio State
38%
Ohio State
38%
Ohio State
38%
1979 Ohio State
38%
1993 Ohio State
38%
Ohio State
38%
WIsconsin
38%
1990 Illinois
31%
1967 Indiana
31%
Iowa
31%
Michigan
31%
1925 Michigan
31%
1926 Michigan
31%
1932 Michigan
31%
1933 Michigan
31%
1947 Michigan
31%
1948 Michigan
31%
1964 Michigan
31%
1982 Michigan
31%
1986 Michigan
31%
1965 Michigan State
31%
1966 Michigan State
31%
Michigan State
31%
1987 Michigan State
31%
Michigan State
31%
1909 Minnesota
31%
Minnesota
31%
1911 Minnesota
31%
Minnesota
31%
Minnesota
31%
1934 Minnesota
31%
1935 Minnesota
31%
Minnesota
31%
Northwestern
31%
1996 Northwestern
31%
1916 Ohio State
31%
1917 Ohio State
31%
1920 Ohio State
31%
1954 Ohio State
31%
1955 Ohio State
31%
1968 Ohio State
31%
1984 Ohio State
31%
Ohio State
31%
1994 Penn State
31%
Wisconsin
31%
Wisconsin
31%
1999 Wisconsin
31%
1905 Chicago
23%
1907 Chicago
23%
1913 Chicago
23%
1910 Illinois
23%
1914 Illinois
23%
1915 Illinois
23%
1918 Illinois
23%
1919 Illinois
23%
1923 Illinois
23%
1927 Illinois
23%
1983 Illinois
23%
1921 Iowa
23%
1985 Iowa
23%
1930 Michigan
23%
1931 Michigan
23%
1943 Michigan
23%
1949 Michigan
23%
1950 Michigan
23%
Michigan
23%
Minnesota
23%
1937 Minnesota
23%
1938 Minnesota
23%
1940 Minnesota
23%
1941 Minnesota
23%
Ohio State
23%
1939 Ohio State
23%
1942 Ohio State
23%
1944 Ohio State
23%
Ohio State
23%
1957 Ohio State
23%
1961 Ohio State
23%
Ohio State
23%
Purdue
23%
1912 Wisconsin
23%
1908 Chicago
15%
1922 Chicago
15%
1924 Chicago
15%
1928 Illinois
15%
1946 Illinois
15%
1951 Illinois
15%
1953 Illinois
15%
1963 Illinois
15%
1945 Indiana
15%
1956 Iowa
15%
1958 Iowa
15%
1960 Iowa
15%
1981 Iowa
15%
Purdue
15%
1929 Purdue
15%
Purdue
15%
Purdue
15%
Purdue
15%
1952 Purdue
15%
Wisconsin
15%
1959 Wisconsin
15%
Wisconsin
15%
1962 Wisconsin
15%
Northwestern
8%
Northwestern
8%
1936 Northwestern
8%
No matching quizzes found
Score Distribution
Percent of People with Each Score
Percentile by Number Answered
Your Score History
You have not taken this quiz since the last reset